| 000 | 00708cam a22002172 4500 | ||
|---|---|---|---|
| 001 | 0000003480 | ||
| 005 | 20151217155822.0 | ||
| 008 | 070508s xx 000 0 eng d | ||
| 020 | _a996691580X : | ||
| 040 |
_aKABU _cKABU |
||
| 050 | 0 |
_aKSK1734 _b.A53 |
|
| 245 | 1 | 4 |
_aThe Anatomy of Bomas : _bselected analyses of the 2004 draft constitution of Kenya / _ced. by Kithure Kindiki, Osogo Ambani. |
| 260 |
_aNairobi : _bClaripress, _c2005. |
||
| 300 | _axiii, 170 p. | ||
| 650 | 0 |
_aConstitutional law _zKenya. _@0000153433 |
|
| 700 | 1 |
_aKindiki, Kithure. _@0000153434 |
|
| 700 | 1 |
_aAmbani, Osogo. _@0000153230 |
|
| 908 | _a070508 | ||
| 950 | _@1 | ||
| 999 |
_c12852 _d12852 |
||